Kannada vishvakosha: Samputa 14 (Record no. 136846)
[ view plain ]
| 000 -LEADER | |
|---|---|
| fixed length control field | 00670nam a2200205Ia 4500 |
| 003 - CONTROL NUMBER IDENTIFIER | |
| control field | OSt |
| 005 - DATE AND TIME OF LATEST TRANSACTION | |
| control field | 20250409113226.0 |
| 008 - FIXED-LENGTH DATA ELEMENTS--GENERAL INFORMATION | |
| fixed length control field | 210210b2004 xxu||||| |||| 00| 0 eng d |
| 040 ## - CATALOGING SOURCE | |
| Transcribing agency | AL |
| 041 ## - LANGUAGE CODE | |
| Language code of text/sound track or separate title | Kannada |
| 082 ## - DEWEY DECIMAL CLASSIFICATION NUMBER | |
| Classification number | 039.4K KUVK |
| 100 ## - MAIN ENTRY--PERSONAL NAME | |
| Personal name | KANNADA ADHYAYANA SAMSTE |
| 9 (RLIN) | 87549 |
| Dates associated with a name | ಕನ್ನಡ ಅಧ್ಯಯನ ಸಂಸ್ಥೆ |
| 245 ## - TITLE STATEMENT | |
| Title | Kannada vishvakosha: Samputa 14 |
| Remainder of title | ಕನ್ನಡ ವಿಶ್ವಕೋಶ : ಸಂಪುಟ ೧೪ |
| 260 ## - PUBLICATION, DISTRIBUTION, ETC. | |
| Place of publication, distribution, etc. | Maisuru |
| Name of publisher, distributor, etc. | Kuvempu Kannada Adyayana Samsthe, Mysore Vishvavidyanilaya., |
| Date of publication, distribution, etc. | 2004 |
| 300 ## - PHYSICAL DESCRIPTION | |
| Extent | xi-1259 |
| 440 ## - SERIES STATEMENT/ADDED ENTRY--TITLE | |
| Title | 14 |
| 9 (RLIN) | 87550 |
| 690 ## - LOCAL SUBJECT ADDED ENTRY--TOPICAL TERM (OCLC, RLIN) | |
| Topical term or geographic name as entry element | Encyclopaedia |
| 9 (RLIN) | 87551 |
| 906 ## - LOCAL DATA ELEMENT F, LDF (RLIN) | |
| a | 063297 |
| 942 ## - ADDED ENTRY ELEMENTS (KOHA) | |
| Source of classification or shelving scheme | Dewey Decimal Classification |
| Koha item type | Book |
| Withdrawn status | Lost status | Source of classification or shelving scheme | Damaged status | Not for loan | Collection code | Home library | Current library | Date acquired | Source of acquisition | Cost, normal purchase price | Total Checkouts | Full call number | Barcode | Date last seen | Price effective from | Koha item type |
|---|---|---|---|---|---|---|---|---|---|---|---|---|---|---|---|---|
| Dewey Decimal Classification | Reference Book | General | St Aloysius Library | St Aloysius Library | 02/17/2021 | Athree Book Centre,Mangalore | 300.00 | 039.4K KUVK | 063297 | 02/17/2021 | 02/17/2021 | Book |